书目信息 |
| 题名: |
非营利组织管理案例与应用
|
|
| 作者: | 戈伦比威斯基 , 史蒂文森 主编 ;邓国胜 译 | |
| 分册: | ||
| 出版信息: | 北京 中国人民大学出版社 2004 |
|
| 页数: | 19,158页 | |
| 开本: | 23cm | |
| 丛书名: | 公共行政与公共管理经典译丛. 案例系列 | |
| 单 册: | ||
| 中图分类: | C912.2 | |
| 科图分类: | ||
| 主题词: | 公用事业--管理--案例 , 社会团体 , 社会团体--管理--案例 , 公用事业 | |
| 电子资源: | ||
| ISBN: | 7-300-05710-1 | |
| 000 | 01604nam0 2200361 450 | |
| 000 | 01619nam0 2200361 450 | |
| 000 | 01550nam0 2200337 450 | |
| 000 | 01514nam0 2200325 45 | |
| 005 | 20070723142701.35 | |
| 010 | @a7-300-05710-1@dCNY23.00 | |
| 100 | @a20070627d2004 em y0chiy0120 ea | |
| 101 | 2 | @achi@ceng |
| 102 | @aCN@b110000 | |
| 105 | @ay z 000yy | |
| 200 | 1 | @a非营利组织管理案例与应用@AFei Ying Li Zu Zhi Guan Li An Li Yu Ying Yong@f(美)罗伯特·T.戈伦比威斯基(Robet T. Golembiewski),(美)杰里·G.史蒂文森(Jerry G. Stevenson)主编@F( Mei ) Luo Bo Te· T. Ge Lun Bi Wei Si Ji (Robet T. Golembiewski),( Mei ) Jie Li· G. Shi Di Wen Sen (Jerry G. Stevenson) Zhu Bian@g邓国胜等译 |
| 210 | @a北京@c中国人民大学出版社@d2004 | |
| 215 | @a19,158页@d23cm | |
| 225 | 2 | @a公共行政与公共管理经典译丛. 案例系列@v4 |
| 300 | @a“十五”国家重点图书出版规划项目 | |
| 305 | @a汤姆森学习出版集团授权出版 | |
| 330 | @a本书运用35个案例,全面介绍了非盈利组织在实际运作过程中出现的各种需要面对的管理现状和问题。详细介绍了如何使用这些案例。 | |
| 410 | 0 | @12001 @a公共行政与公共管理经典译丛. 案例系列@v4 |
| 510 | 1 | @aCases and Applications in Nonprofit Management@zeng |
| 606 | 0 | @a公用事业@x管理@x案例 |
| 606 | 0 | @a社会团体 |
| 606 | 0 | @a社会团体@x管理@x案例 |
| 606 | 0 | @a公用事业 |
| 690 | @aC912.2@v4 | |
| 701 | 1 | @c(美)@a戈伦比威斯基@AGe Lun Bi Wei Si Ji@g(Golembiewski, Robert T.)@4主编 |
| 701 | 1 | @c(美)@a史蒂文森@AShi Di Wen Sen@g(Stevenson, Jerry G.)@4主编 |
| 702 | 0 | @a邓国胜@ADeng Guo Sheng@f(1968~)@4译 |
| 801 | 0 | @aCN@bTAOJIN@c20070723 |
| 905 | @a10447@dC912.2@e573 | |
| 非营利组织管理案例与应用/(美)罗伯特·T.戈伦比威斯基(Robet T. Golembiewski),(美)杰里·G.史蒂文森(Jerry G. Stevenson)主编/邓国胜等译.-北京:中国人民大学出版社,2004 |
| 19,158页;23cm.-(公共行政与公共管理经典译丛. 案例系列;4) |
| “十五”国家重点图书出版规划项目 |
| ISBN 7-300-05710-1:CNY23.00 |
| 本书运用35个案例,全面介绍了非盈利组织在实际运作过程中出现的各种需要面对的管理现状和问题。详细介绍了如何使用这些案例。 |
| ● |
| 相关链接 |
|
|
|
|
正题名:非营利组织管理案例与应用
索取号:C912.2/573
 
预约/预借
| 序号 | 登录号 | 条形码 | 馆藏地/架位号 | 状态 | 备注 |
| 1 | 0823606 | 208236069 | 第一样本阅览室/ [索取号:C912.2/573] | 在馆 | |
| 2 | 0823607 | 208236078 | 第一借阅区/ [索取号:C912.2/573] | 在馆 | |
| 3 | 0823608 | 208236087 | 第一借阅区/ [索取号:C912.2/573] | 在馆 | |
| 4 | 0823609 | 208236096 | 第一借阅区/ [索取号:C912.2/573] | 在馆 | |
| 5 | 0823610 | 208236103 | 教育系资料室/ [索取号:C912.2/573] | 在馆 | |
| 6 | 0823611 | 208236112 | 第一借阅区/ [索取号:C912.2/573] | 在馆 | |
| 7 | 0823612 | 208236121 | 教育系资料室/ [索取号:C912.2/573] | 在馆 | |
| 8 | 0823613 | 208236130 | 教育系资料室/ [索取号:C912.2/573] | 在馆 |